[Event "Hastings Premier 1975/76 51st"]
[Site "Hastings"]
[Date "1976.01.11"]
[Round "12"]
[White "Korchnoi, Viktor"]
[Black "Jansa, Vlastimil"]
[Result "0-1"]
[WhiteElo "2665"]
[BlackElo "2540"]
[PlyCount "82"]
[EventDate "1975.12.29"]
[EventType "tourn"]
[EventRounds "15"]
[EventCountry "ENG"]
[EventCategory "10"]
[SourceTitle "BritBase"]
[SourceQuality "2"]

1. c4 c5 2. Nf3 g6 3. e4 Nc6 4. d4 cxd4 5. Nxd4 Nf6 6. Nc3 d6 7. Nb3 Bg7 8. f3
O-O 9. Be2 Qb6 10. Bg5 Be6 11. Qd2 Rfc8 12. Nd5 Bxd5 13. Be3 Bh6 14. Bxh6 Be6
15. Qc3 Qb4 16. Rc1 Qxc3+ 17. Rxc3 Ne5 18. Nd2 a6 19. f4 Nc6 20. f5 Bd7 21. Rf1
Ne5 22. Bg5 Kg7 23. Bxf6+ exf6 24. g4 b5 25. Kf2 Rab8 26. b3 bxc4 27. Nxc4 Bb5
28. Rfc1 Bxc4 29. Bxc4 Nxg4+ 30. Kg3 Ne5 31. Bd5 Rxc3+ 32. Rxc3 Rb5 33. a4 Rb4
34. Kf4 g5+ 35. Ke3 Ng4+ 36. Kd2 h5 37. Rc7 Ne5 38. Ra7 g4 39. Rxa6 h4 40. Ke2
g3 41. Kf1 Rd4 0-1

[Event "Hastings Premier 1975/76 51st"]
[Site "Hastings"]
[Date "1976.01.11"]
[Round "12"]
[White "Miles, Anthony J"]
[Black "Bisguier, Arthur"]
[Result "1-0"]
[WhiteElo "2435"]
[BlackElo "2445"]
[PlyCount "83"]
[EventDate "1975.12.29"]
[EventType "tourn"]
[EventRounds "15"]
[EventCountry "ENG"]
[EventCategory "10"]
[SourceTitle "BritBase"]
[SourceQuality "2"]

1. c4 e5 2. Nc3 Nf6 3. Nf3 Nc6 4. e3 Bb4 5. Qc2 Bxc3 6. Qxc3 Qe7 7. d3 O-O 8.
Be2 a5 9. O-O d6 10. b3 Bg4 11. Bb2 Nd7 12. Nxe5 Ndxe5 13. Bxg4 f5 14. Bd1 f4
15. d4 Ng6 16. Bf3 Nh4 17. Bd5+ Kh8 18. exf4 Rxf4 19. Rae1 Qf6 20. Re6 Qf5 21.
Qe3 Rf8 22. Re8 Nb4 23. Bxb7 c6 24. Rxf8+ Qxf8 25. a3 Nc2 26. Qe2 Nxd4 27. Bxd4
Rxd4 28. Bxc6 h6 29. Re1 Ng6 30. Qe8 Qxe8 31. Rxe8+ Kh7 32. Re1 Ne5 33. Be4+ g6
34. f4 Nd3 35. Bxd3 Rxd3 36. Re7+ Kg8 37. Rb7 a4 38. bxa4 Kf8 39. Rd7 g5 40.
fxg5 hxg5 41. c5 Rxa3 42. c6 1-0

[Event "Hastings Premier 1975/76 51st"]
[Site "Hastings"]
[Date "1976.01.11"]
[Round "12"]
[White "Sigurjonsson, Gudmundur"]
[Black "Taimanov, Mark"]
[Result "1/2-1/2"]
[WhiteElo "2475"]
[BlackElo "2580"]
[PlyCount "24"]
[EventDate "1975.12.29"]
[EventType "tourn"]
[EventRounds "15"]
[EventCountry "ENG"]
[EventCategory "10"]
[SourceTitle "BritBase"]
[SourceQuality "2"]

1. e4 c5 2. Nf3 Nc6 3. d4 cxd4 4. Nxd4 e6 5. Nc3 a6 6. g3 Qc7 7. Bg2 Nf6 8. O-O
h6 9. Bf4 e5 10. Nd5 Qd8 11. Nxc6 dxc6 12. Nxf6+ Qxf6 1/2-1/2

[Event "Hastings Premier 1975/76 51st"]
[Site "Hastings"]
[Date "1976.01.11"]
[Round "12"]
[White "Sosonko, Gennadi"]
[Black "Keene, Raymond Dennis"]
[Result "1/2-1/2"]
[WhiteElo "2470"]
[BlackElo "2505"]
[PlyCount "74"]
[EventDate "1975.12.29"]
[EventType "tourn"]
[EventRounds "15"]
[EventCountry "ENG"]
[EventCategory "10"]
[SourceTitle "BritBase"]
[SourceQuality "2"]

1. d4 Nf6 2. c4 c5 3. d5 g6 4. Nc3 Bg7 5. e4 O-O 6. Nf3 d6 7. Be2 e6 8. O-O Re8
9. Bf4 exd5 10. exd5 Ne4 11. Nxe4 Rxe4 12. Qd2 Bg4 13. Rae1 Na6 14. b3 Qf6 15.
Bg3 Qc3 16. Qxc3 Bxc3 17. Rc1 Bg7 18. h3 Rxe2 19. hxg4 Bf8 20. a3 Nc7 21. Rfe1
Ra2 22. Ra1 Rb2 23. Rab1 Rc2 24. Rec1 Ra2 25. b4 Na6 26. b5 Nb8 27. Ng5 Rxa3
28. Ne4 f5 29. gxf5 gxf5 30. Nf6+ Kf7 31. Nxh7 Be7 32. Re1 Nd7 33. Bf4 Rh8 34.
Bg5 Ne5 35. Bxe7 Kxe7 36. f4 Rxh7 37. fxe5 Ra2 1/2-1/2

[Event "Hastings Premier 1975/76 51st"]
[Site "Hastings"]
[Date "1976.01.11"]
[Round "12"]
[White "Stean, Michael"]
[Black "Bronstein, David I"]
[Result "1/2-1/2"]
[WhiteElo "2370"]
[BlackElo "2590"]
[PlyCount "22"]
[EventDate "1975.12.29"]
[EventType "tourn"]
[EventRounds "15"]
[EventCountry "ENG"]
[EventCategory "10"]
[SourceTitle "BritBase"]
[SourceQuality "2"]

1. c4 e6 2. Nf3 Nf6 3. b3 d5 4. Bb2 Be7 5. g3 O-O 6. Bg2 c5 7. O-O Nc6 8. cxd5
exd5 9. d4 Be6 10. Nc3 Rc8 11. dxc5 Bxc5 1/2-1/2

[Event "Hastings Premier 1975/76 51st"]
[Site "Hastings"]
[Date "1976.01.12"]
[Round "13"]
[White "Bellin, Robert"]
[Black "Sigurjonsson, Gudmundur"]
[Result "1/2-1/2"]
[WhiteElo "2375"]
[BlackElo "2475"]
[PlyCount "80"]
[EventDate "1975.12.29"]
[EventType "tourn"]
[EventRounds "15"]
[EventCountry "ENG"]
[EventCategory "10"]
[SourceTitle "BritBase"]
[SourceQuality "2"]

1. d4 Nf6 2. Nc3 d5 3. Bg5 Nbd7 4. Nf3 h6 5. Bh4 e6 6. Qd3 c5 7. dxc5 Bxc5 8.
e4 dxe4 9. Nxe4 Qa5+ 10. c3 Nxe4 11. Qxe4 Qb6 12. O-O-O O-O 13. Bd3 f5 14. Qe2
Nf6 15. Ne5 Qc7 16. Ng6 Rf7 17. Bg3 Qb6 18. Ne5 Rf8 19. Bc4 Kh7 20. f4 a6 21.
Kb1 Qc7 22. Bh4 b5 23. Bb3 Bd6 24. Bf2 Bb7 25. Bd4 Nd5 26. Rhf1 a5 27. Bc2 b4
28. g4 bxc3 29. gxf5 exf5 30. Qh5 Bxe5 31. fxe5 Nb4 32. Bxf5+ Rxf5 33. Qxf5+ g6
34. Qf7+ Qxf7 35. Rxf7+ Kg8 36. bxc3 Kxf7 37. cxb4 axb4 38. Bc5 Ke6 39. Bxb4
Kxe5 40. Kb2 Bd5 1/2-1/2

[Event "Hastings Premier 1975/76 51st"]
[Site "Hastings"]
[Date "1976.01.12"]
[Round "13"]
[White "Bisguier, Arthur"]
[Black "Korchnoi, Viktor"]
[Result "0-1"]
[WhiteElo "2445"]
[BlackElo "2665"]
[PlyCount "102"]
[EventDate "1975.12.29"]
[EventType "tourn"]
[EventRounds "15"]
[EventCountry "ENG"]
[EventCategory "10"]
[SourceTitle "BritBase"]
[SourceQuality "2"]

1. d4 Nf6 2. Nf3 g6 3. Bf4 Bg7 4. c3 b6 5. Nbd2 Bb7 6. e3 d6 7. h3 Nbd7 8. Bc4
O-O 9. O-O Qe8 10. Bh2 e5 11. a4 a6 12. b4 Qe7 13. Qb3 Rab8 14. b5 a5 15. Qa3
e4 16. Ne1 Kh8 17. Kh1 Bh6 18. f4 exf3 19. Nexf3 Rbe8 20. Qa2 Qd8 21. Bf4 Bxf4
22. exf4 Nh5 23. Rf2 Nxf4 24. Bxf7 Re3 25. Re1 Rxe1+ 26. Nxe1 Nxh3 27. Rf1 Ng5
28. Bd5 Rxf1+ 29. Nxf1 Bc8 30. Qd2 Kg7 31. Nh2 Qe7 32. Nd3 h6 33. Ng4 Nf6 34.
Nxf6 Qxf6 35. Nf4 Bf5 36. Bc6 Be4 37. Nd5 Bxd5 38. Bxd5 Qf5 39. Bc6 h5 40. Kg1
Ne6 41. Bd7 Qg5 42. Qe1 Nf4 43. Bc6 d5 44. Qf1 h4 45. Kh1 Qg3 46. Qf3 Qxf3 47.
gxf3 Kf6 48. Kg1 Ne2+ 49. Kh2 Nxc3 50. Kh3 Nxa4 51. Kxh4 Nc3 0-1

[Event "Hastings Premier 1975/76 51st"]
[Site "Hastings"]
[Date "1976.01.12"]
[Round "13"]
[White "Bronstein, David I"]
[Black "Hartston, William Roland"]
[Result "1-0"]
[WhiteElo "2590"]
[BlackElo "2475"]
[PlyCount "131"]
[EventDate "1975.12.29"]
[EventType "tourn"]
[EventRounds "15"]
[EventCountry "ENG"]
[EventCategory "10"]
[SourceTitle "BritBase"]
[SourceQuality "2"]

1. e4 c5 2. Nf3 e6 3. c3 Nf6 4. e5 Nd5 5. d4 cxd4 6. cxd4 d6 7. a3 Be7 8. Bd3
Nc6 9. O-O Bd7 10. Re1 dxe5 11. dxe5 Rc8 12. Be4 O-O 13. Qd3 h6 14. Bd2 Qb6 15.
Bxd5 exd5 16. Nc3 Be6 17. Nxd5 Rcd8 18. Nxe7+ Nxe7 19. Qe3 Qxe3 20. Bxe3 Nc6
21. h3 Rd5 22. Bd2 Rfd8 23. Bc3 a5 24. Rac1 b5 25. Bd2 Rc8 26. Re3 b4 27. axb4
axb4 28. Re4 b3 29. Rec4 Ne7 30. Rxc8+ Nxc8 31. Be3 Ne7 32. Nd4 Rxe5 33. Nxe6
fxe6 34. Rc3 Rb5 35. Kf1 Nd5 36. Rc8+ Kf7 37. Bd2 g5 38. g3 Nf6 39. Ke2 h5 40.
Be3 g4 41. h4 Nd5 42. Bd4 e5 43. Be3 e4 44. Bd2 Ke6 45. Re8+ Kf5 46. Rh8 Kg6
47. Rh6+ Kf7 48. Rc6 Rb6 49. Rc4 Re6 50. Rc5 Re5 51. Ra5 Ke6 52. Ra3 e3 53.
fxe3 Ne7 54. Bc3 Rf5 55. Rxb3 Rf3 56. Rb6+ Kd5 57. e4+ Kc5 58. Rf6 Rxg3 59. Be1
Rb3 60. Bc3 Kc4 61. Re6 Rb7 62. Ke3 Rc7 63. Be5 Rd7 64. Kf4 Kd3 65. Rd6+ Rxd6
66. Bxd6 1-0

[Event "Hastings Premier 1975/76 51st"]
[Site "Hastings"]
[Date "1976.01.12"]
[Round "13"]
[White "Jansa, Vlastimil"]
[Black "Stean, Michael"]
[Result "1-0"]
[WhiteElo "2540"]
[BlackElo "2370"]
[PlyCount "77"]
[EventDate "1975.12.29"]
[EventType "tourn"]
[EventRounds "15"]
[EventCountry "ENG"]
[EventCategory "10"]
[SourceTitle "BritBase"]
[SourceQuality "2"]

1. Nf3 c5 2. c4 g6 3. e4 Nc6 4. d4 cxd4 5. Nxd4 Nf6 6. Nc3 d6 7. Be2 Nxd4 8.
Qxd4 Bg7 9. Be3 O-O 10. Qd3 a6 11. O-O Be6 12. b3 Rb8 13. Ba7 Rc8 14. Bd4 Qa5
15. Kh1 Rfe8 16. f4 Bd7 17. a4 Bc6 18. b4 Qxb4 19. Rab1 Qa3 20. Ra1 Qb4 21.
Rfb1 Qa5 22. Bb6 Nxe4 23. Bxa5 Nf2+ 24. Kg1 Nxd3 25. Bxd3 b6 26. Rxb6 Bd4+ 27.
Kf1 Bxb6 28. Bxb6 f6 29. a5 Kf7 30. Nd5 e5 31. Nc7 Re7 32. Nxa6 exf4 33. c5 Re3
34. Nb4 Ke6 35. cxd6 Be4 36. Bxe3 Bxd3+ 37. Nxd3 fxe3 38. Ke2 Kxd6 39. a6 1-0

[Event "Hastings Premier 1975/76 51st"]
[Site "Hastings"]
[Date "1976.01.12"]
[Round "13"]
[White "Keene, Raymond Dennis"]
[Black "Miles, Anthony J"]
[Result "1-0"]
[WhiteElo "2505"]
[BlackElo "2435"]
[PlyCount "51"]
[EventDate "1975.12.29"]
[EventType "tourn"]
[EventRounds "15"]
[EventCountry "ENG"]
[EventCategory "10"]
[SourceTitle "BritBase"]
[SourceQuality "2"]

1. Nf3 Nf6 2. c4 c5 3. Nc3 Nc6 4. e3 e6 5. d4 d5 6. cxd5 Nxd5 7. Bd3 cxd4 8.
exd4 Be7 9. O-O O-O 10. Re1 Nf6 11. Bg5 Nb4 12. Bb1 b6 13. Ne5 Bb7 14. Re3 g6
15. Rg3 Rc8 16. Bh6 Re8 17. a3 Nc6 18. Nxg6 hxg6 19. Bxg6 fxg6 20. Qb1 Ne5 21.
dxe5 Ne4 22. Nxe4 Kh7 23. Nf6+ Bxf6 24. Qxg6+ Kh8 25. Bg7+ Bxg7 26. Qxg7# 1-0

[Event "Hastings Premier 1975/76 51st"]
[Site "Hastings"]
[Date "1976.01.12"]
[Round "13"]
[White "Nunn, John DM"]
[Black "Kaplan, Julio"]
[Result "1/2-1/2"]
[WhiteElo "2375"]
[BlackElo "2445"]
[PlyCount "81"]
[EventDate "1975.12.29"]
[EventType "tourn"]
[EventRounds "15"]
[EventCountry "ENG"]
[EventCategory "10"]
[SourceTitle "BritBase"]
[SourceQuality "2"]

1. e4 c5 2. Nf3 d6 3. d4 cxd4 4. Nxd4 Nf6 5. Nc3 e6 6. Be2 Be7 7. O-O O-O 8.
Be3 Nc6 9. f4 a6 10. Kh1 Bd7 11. a4 Nxd4 12. Qxd4 Bc6 13. Rad1 Qc7 14. f5 e5
15. Qd3 h6 16. Nd5 Bxd5 17. exd5 Rac8 18. c4 Nd7 19. Rf3 Rfe8 20. Qd2 Bg5 21.
Bxg5 hxg5 22. Qxg5 Qd8 23. f6 Nxf6 24. Rdf1 Nh7 25. Qxd8 Rcxd8 26. Rxf7 Nf6 27.
Rxb7 Rb8 28. Rxb8 Rxb8 29. c5 dxc5 30. Bxa6 Rxb2 31. Ra1 Kf8 32. a5 Nxd5 33.
Bc4 Nc7 34. h3 Rb4 35. Be2 c4 36. a6 c3 37. a7 c2 38. Bd3 Ra4 39. Rf1+ Ke7 40.
Bxc2 Rxa7 41. Bg6 1/2-1/2

[Event "Hastings Premier 1975/76 51st"]
[Site "Hastings"]
[Date "1976.01.12"]
[Round "13"]
[White "Taimanov, Mark"]
[Black "Hort, Vlastimil"]
[Result "1/2-1/2"]
[WhiteElo "2580"]
[BlackElo "2600"]
[PlyCount "23"]
[EventDate "1975.12.29"]
[EventType "tourn"]
[EventRounds "15"]
[EventCountry "ENG"]
[EventCategory "10"]
[SourceTitle "BritBase"]
[SourceQuality "2"]

1. c4 Nf6 2. Nc3 e6 3. d4 c5 4. e3 d5 5. Nf3 Nc6 6. a3 Ne4 7. Qc2 Nxc3 8. Qxc3
cxd4 9. Nxd4 Nxd4 10. Qxd4 dxc4 11. Qxd8+ Kxd8 12. Bxc4 1/2-1/2

[Event "Hastings Premier 1975/76 51st"]
[Site "Hastings"]
[Date "1976.01.13"]
[Round "14"]
[White "Hartston, William Roland"]
[Black "Jansa, Vlastimil"]
[Result "1/2-1/2"]
[WhiteElo "2475"]
[BlackElo "2540"]
[PlyCount "39"]
[EventDate "1975.12.29"]
[EventType "tourn"]
[EventRounds "15"]
[EventCountry "ENG"]
[EventCategory "10"]
[SourceTitle "BritBase"]
[SourceQuality "2"]

1. e4 c5 2. Nf3 d6 3. d4 cxd4 4. Nxd4 Nf6 5. Nc3 e6 6. Be2 Be7 7. O-O O-O 8. f4
a6 9. Be3 Qc7 10. Qe1 b5 11. Bf3 Bb7 12. a3 Nbd7 13. Rd1 Nb6 14. Bc1 Rfe8 15.
b3 Bf8 16. Bb2 Rac8 17. Kh1 Nbd7 18. Qh4 Nc5 19. Rde1 d5 20. e5 1/2-1/2

[Event "Hastings Premier 1975/76 51st"]
[Site "Hastings"]
[Date "1976.01.13"]
[Round "14"]
[White "Hort, Vlastimil"]
[Black "Bellin, Robert"]
[Result "1/2-1/2"]
[WhiteElo "2600"]
[BlackElo "2375"]
[PlyCount "82"]
[EventDate "1975.12.29"]
[EventType "tourn"]
[EventRounds "15"]
[EventCountry "ENG"]
[EventCategory "10"]
[SourceTitle "BritBase"]
[SourceQuality "2"]

1. d4 Nf6 2. c4 e6 3. Nf3 b6 4. Bg5 Bb7 5. Nc3 Bb4 6. Qc2 h6 7. Bh4 g5 8. Bg3
Ne4 9. e3 Bxc3+ 10. bxc3 d6 11. Bd3 f5 12. d5 Nd7 13. Bxe4 fxe4 14. Qxe4 Qf6
15. O-O O-O-O 16. Qxe6 Qxe6 17. dxe6 Nc5 18. Nd4 Rde8 19. f3 Ba6 20. Nb5 Rxe6
21. e4 Kb8 22. Rab1 g4 23. Rfe1 gxf3 24. gxf3 h5 25. h4 Rf8 26. Re3 Bb7 27. Kh2
Rg6 28. Rg1 Rfg8 29. Nd4 Nd7 30. Ree1 Re8 31. Nf5 Rgg8 32. Bf4 Rgf8 33. Rg5 Ba6
34. Nxd6 cxd6 35. Bxd6+ Kb7 36. Bxf8 Rxf8 37. Kg3 Bxc4 38. a3 Nf6 39. Rg7+ Ka6
40. Rd1 Be2 41. Rd4 Bxf3 1/2-1/2

[Event "Hastings Premier 1975/76 51st"]
[Site "Hastings"]
[Date "1976.01.13"]
[Round "14"]
[White "Korchnoi, Viktor"]
[Black "Keene, Raymond Dennis"]
[Result "1-0"]
[WhiteElo "2665"]
[BlackElo "2505"]
[PlyCount "81"]
[EventDate "1975.12.29"]
[EventType "tourn"]
[EventRounds "15"]
[EventCountry "ENG"]
[EventCategory "10"]
[SourceTitle "BritBase"]
[SourceQuality "2"]

1. c4 c5 2. Nf3 Nf6 3. Nc3 Nc6 4. d4 cxd4 5. Nxd4 e6 6. g3 Qb6 7. Nb3 Ne5 8. e4
Bb4 9. Qe2 O-O 10. f4 Nc6 11. e5 Ne8 12. Bd2 f6 13. exf6 Nxf6 14. Bg2 d5 15.
O-O-O dxc4 16. Qxc4 Bd7 17. Na4 Bxd2+ 18. Rxd2 Qb4 19. Qxb4 Nxb4 20. Nac5 Rac8
21. Kb1 Be8 22. a3 Bg6+ 23. Ka1 Nc2+ 24. Ka2 b6 25. Bh3 Rxc5 26. Nxc5 bxc5 27.
f5 exf5 28. Rxc2 Ne4 29. Re1 Rd8 30. b3 Kf7 31. Bg2 h5 32. Kb2 Rd5 33. Rec1 Kf6
34. Bxe4 fxe4 35. Rxc5 Rd2+ 36. R1c2 Rd1 37. Rc6+ Kg5 38. h4+ Kh6 39. R2c5 e3
40. Rg5 e2 41. Rcxg6+ 1-0

[Event "Hastings Premier 1975/76 51st"]
[Site "Hastings"]
[Date "1976.01.13"]
[Round "14"]
[White "Stean, Michael"]
[Black "Bisguier, Arthur"]
[Result "1/2-1/2"]
[WhiteElo "2370"]
[BlackElo "2445"]
[PlyCount "54"]
[EventDate "1975.12.29"]
[EventType "tourn"]
[EventRounds "15"]
[EventCountry "ENG"]
[EventCategory "10"]
[SourceTitle "BritBase"]
[SourceQuality "2"]

1. c4 e5 2. Nc3 Nf6 3. Nf3 Nc6 4. d3 Bb4 5. Bd2 d6 6. e3 O-O 7. Be2 a5 8. O-O
h6 9. b3 d5 10. cxd5 Nxd5 11. Qc1 Nb6 12. a3 Be7 13. Rd1 f5 14. Rb1 Re8 15. Be1
Bf8 16. Nb5 Nd5 17. g3 Qe7 18. Nh4 Qf7 19. e4 fxe4 20. dxe4 Nb6 21. f3 Be6 22.
Bf2 Red8 23. Rxd8 Rxd8 24. Qc3 Kh7 25. Rd1 Rxd1+ 26. Bxd1 Qd7 27. Be2 Be7
1/2-1/2

[Event "Hastings Premier 1975/76 51st"]
[Site "Hastings"]
[Date "1976.01.13"]
[Round "14"]
[White "Uhlmann, Wolfgang"]
[Black "Nunn, John DM"]
[Result "1/2-1/2"]
[WhiteElo "2535"]
[BlackElo "2375"]
[PlyCount "80"]
[EventDate "1975.12.29"]
[EventType "tourn"]
[EventRounds "15"]
[EventCountry "ENG"]
[EventCategory "10"]
[SourceTitle "BritBase"]
[SourceQuality "2"]

1. c4 Nf6 2. Nc3 e6 3. Nf3 c5 4. g3 d5 5. cxd5 exd5 6. d4 Nc6 7. Bg2 Be7 8. O-O
O-O 9. b3 Bg4 10. dxc5 Bxc5 11. Na4 Be7 12. Bb2 Re8 13. Rc1 Rc8 14. a3 Ne4 15.
Qd3 Bf6 16. Bxf6 Qxf6 17. h3 Bh5 18. g4 Bg6 19. Qxd5 Rcd8 20. Qc4 h5 21. Rcd1
Rxd1 22. Rxd1 hxg4 23. hxg4 Ne5 24. Qc7 Nxg4 25. Qd7 Qe6 26. Qxe6 Rxe6 27. Rd8+
Kh7 28. Nc5 Nxc5 29. Ng5+ Kh6 30. Nxe6 Nxe6 31. Rh8+ Kg5 32. Bxb7 Nd4 33. e3
Nxb3 34. Ra8 Nc5 35. Rxa7 Nd3 36. Bd5 Ndxf2 37. Bxf7 Be4 38. Be6 g6 39. Kf1 Nd1
40. Ke2 Ndxe3 1/2-1/2

[Event "Hastings Premier 1975/76 51st"]
[Site "Hastings"]
[Date "1976.01.15"]
[Round "15"]
[White "Bellin, Robert"]
[Black "Kaplan, Julio"]
[Result "0-1"]
[WhiteElo "2445"]
[BlackElo "2375"]
[PlyCount "114"]
[EventDate "1975.12.29"]
[EventType "tourn"]
[EventRounds "15"]
[EventCountry "ENG"]
[EventCategory "10"]
[SourceTitle "BritBase"]
[SourceQuality "2"]

1. e4 c5 2. Nf3 d6 3. d4 cxd4 4. Nxd4 Nf6 5. Nc3 e6 6. g4 a6 7. g5 Nfd7 8. a4
Nc6 9. Be3 Nde5 10. Be2 Nxd4 11. Qxd4 Nc6 12. Qb6 Qxb6 13. Bxb6 h6 14. gxh6
Rxh6 15. O-O-O Bd7 16. Bc7 Rc8 17. Bxd6 Bxd6 18. Rxd6 Ke7 19. Rd3 Rch8 20. h3
g5 21. Rhd1 Ne5 22. Rg3 f6 23. Bf1 Rh4 24. Kd2 Rc8 25. Ke3 Rc5 26. f3 Rc8 27.
Rd2 Bc6 28. b3 Rg8 29. Rdg2 Rd8 30. Rf2 f5 31. f4 gxf4+ 32. Rxf4 Rxf4 33. Kxf4
Kf6 34. Bd3 Rh8 35. exf5 Rh4+ 36. Ke3 exf5 37. Ke2 f4 38. Rg1 Rxh3 39. Nd1 Rh2+
40. Nf2 Bf3+ 41. Kf1 Nxd3 42. cxd3 Rh8 43. Ne4+ Bxe4 44. dxe4 Re8 45. Kf2 Rxe4
46. Rc1 Rb4 47. Rc3 Ke5 48. Kf3 Kd5 49. Kg4 Ke4 50. Rf3 Ke5 51. Rc3 Kd5 52. Kf5
Kd4 53. Rh3 Kd5 54. Rc3 Kd4 55. Rh3 Kc5 56. Ke5 Rb6 57. Rf3 Kb4 0-1

[Event "Hastings Premier 1975/76 51st"]
[Site "Hastings"]
[Date "1976.01.15"]
[Round "15"]
[White "Bisguier, Arthur"]
[Black "Hartston, William Roland"]
[Result "1/2-1/2"]
[WhiteElo "2445"]
[BlackElo "2475"]
[PlyCount "63"]
[EventDate "1975.12.29"]
[EventType "tourn"]
[EventRounds "15"]
[EventCountry "ENG"]
[EventCategory "10"]
[SourceTitle "BritBase"]
[SourceQuality "2"]

1. e4 c5 2. f4 Nf6 3. Nc3 d5 4. e5 d4 5. exf6 dxc3 6. fxg7 cxd2+ 7. Qxd2 Qxd2+
8. Bxd2 Bxg7 9. O-O-O Nc6 10. Bb5 Bd7 11. Be3 b6 12. Nf3 Ne5 13. Bxd7+ Nxd7 14.
Rhe1 h5 15. Bf2 Bh6 16. g3 Nf6 17. Kb1 Ng4 18. Bg1 Bg7 19. h3 Nh6 20. Rd5 f5
21. Red1 Bf6 22. c4 Rg8 23. Bf2 Rg7 24. Kc2 Rc8 25. R1d2 Rc7 26. Rd8+ Kf7 27.
Be1 e6 28. Ra8 Rg8 29. Rxg8 Nxg8 30. Kb3 Ne7 31. Ka4 a6 32. Rd3 1/2-1/2

[Event "Hastings Premier 1975/76 51st"]
[Site "Hastings"]
[Date "1976.01.15"]
[Round "15"]
[White "Bronstein, David I"]
[Black "Hort, Vlastimil"]
[Result "1/2-1/2"]
[WhiteElo "2590"]
[BlackElo "2600"]
[PlyCount "42"]
[EventDate "1975.12.29"]
[EventType "tourn"]
[EventRounds "15"]
[EventCountry "ENG"]
[EventCategory "10"]
[SourceTitle "BritBase"]
[SourceQuality "2"]

1. e4 e6 2. d4 d5 3. Nd2 c5 4. exd5 exd5 5. Bb5+ Nc6 6. Ne2 Bd6 7. dxc5 Bxc5 8.
Nb3 Bb6 9. O-O Nge7 10. c4 dxc4 11. Qxd8+ Bxd8 12. Bxc4 O-O 13. Nc3 Ne5 14. Be2
Bb6 15. Na4 Bc7 16. Be3 Nd5 17. Rfc1 Nc6 18. Bd2 Be5 19. Bf3 Nde7 20. Bc3 Bc7
21. Nac5 Rb8 1/2-1/2

[Event "Hastings Premier 1975/76 51st"]
[Site "Hastings"]
[Date "1976.01.15"]
[Round "15"]
[White "Jansa, Vlastimil"]
[Black "Sigurjonsson, Gudmundur"]
[Result "1/2-1/2"]
[WhiteElo "2540"]
[BlackElo "2475"]
[PlyCount "32"]
[EventDate "1975.12.29"]
[EventType "tourn"]
[EventRounds "15"]
[EventCountry "ENG"]
[EventCategory "10"]
[SourceTitle "BritBase"]
[SourceQuality "2"]

1. d4 Nf6 2. Bg5 g6 3. Bxf6 exf6 4. e3 f5 5. Bd3 d6 6. Nd2 Nd7 7. Ne2 Bg7 8. h4
Nf6 9. Nf4 h5 10. c3 c6 11. Qb3 Bh6 12. g3 Kf8 13. O-O-O Kg7 14. f3 Bxf4 15.
exf4 b5 16. Kb1 Ba6 1/2-1/2

[Event "Hastings Premier 1975/76 51st"]
[Site "Hastings"]
[Date "1976.01.15"]
[Round "15"]
[White "Keene, Raymond Dennis"]
[Black "Stean, Michael"]
[Result "1/2-1/2"]
[WhiteElo "2505"]
[BlackElo "2370"]
[PlyCount "53"]
[EventDate "1975.12.29"]
[EventType "tourn"]
[EventRounds "15"]
[EventCountry "ENG"]
[EventCategory "10"]
[SourceTitle "BritBase"]
[SourceQuality "2"]

1. c4 g6 2. e4 c5 3. Nf3 Bg7 4. d4 Qa5+ 5. Nc3 Nc6 6. d5 Nd4 7. Bd2 Nxf3+ 8.
Qxf3 d6 9. Be2 Nf6 10. Qd3 O-O 11. O-O a6 12. a4 Qc7 13. Bg5 Bd7 14. h3 Rae8
15. f4 Kh8 16. Qd2 e6 17. Rad1 Ng8 18. Kh1 Bd4 19. Bd3 f5 20. dxe6 Bxe6 21.
exf5 gxf5 22. Ne2 Bg7 23. Ng3 Ne7 24. Be2 Bd4 25. Bh5 Ng6 26. Ne2 Bg7 27. Rc1
1/2-1/2

[Event "Hastings Premier 1975/76 51st"]
[Site "Hastings"]
[Date "1976.01.15"]
[Round "15"]
[White "Miles, Anthony J"]
[Black "Korchnoi, Viktor"]
[Result "1/2-1/2"]
[WhiteElo "2435"]
[BlackElo "2665"]
[PlyCount "165"]
[EventDate "1975.12.29"]
[EventType "tourn"]
[EventRounds "15"]
[EventCountry "ENG"]
[EventCategory "10"]
[SourceTitle "BritBase"]
[SourceQuality "2"]

1. Nf3 Nf6 2. g3 d5 3. c4 dxc4 4. Qa4+ Nc6 5. Bg2 Nd7 6. Qxc4 e5 7. O-O Be7 8.
b3 O-O 9. Bb2 Bf6 10. Nc3 Nb6 11. Qe4 Re8 12. Rad1 Nd4 13. Rfe1 Bf5 14. Qxb7
Nc2 15. Ne4 Bxe4 16. Qxe4 Nxe1 17. Nxe1 Rc8 18. Nd3 c6 19. Nc5 Nd7 20. Na4 Nf8
21. Nc5 Nd7 22. Na4 Nb6 23. Nc5 g6 24. Bh3 Ra8 25. Qxc6 Qe7 26. Na6 Red8 27. a4
Bg7 28. Nc7 Rab8 29. a5 Na4 30. Bc1 Qc5 31. Bg2 Qxc6 32. Bxc6 Nc3 33. Re1 Na2
34. Ba3 Rxd2 35. Nd5 Rc2 36. Rd1 Nc3 37. Ne7+ Kh8 38. Rd7 Nxe2+ 39. Kg2 Nd4 40.
Be4 Ra2 41. Bd6 Re8 42. Rxa7 Nb5 43. Bc6 Nxa7 44. Bxe8 Rxa5 45. b4 Ra1 46. Bc5
f5 47. Nd5 e4 48. b5 Ra5 49. Bb4 Rxb5 50. Bxb5 Nxb5 51. h4 Nd4 52. Ne7 Bf6 53.
Bc3 Kg7 54. Nd5 Be5 55. f4 exf3+ 56. Kf2 Nc6 57. Kxf3 Bxc3 58. Nxc3 Kf6 59. Kf4
Nb4 60. Kf3 Ke5 61. Ne2 h6 62. Nf4 g5 63. hxg5 hxg5 64. Ne2 Nd5 65. Nc1 g4+ 66.
Kf2 Ke4 67. Nb3 Nc3 68. Nc5+ Kd5 69. Nd3 Kd4 70. Nf4 Ne4+ 71. Kg2 Ke3 72. Nd5+
Ke2 73. Nf4+ Kd2 74. Ne6 Ke3 75. Ng7 Nd6 76. Ne6 Nc4 77. Nf4 Nb6 78. Ng6 Nd5
79. Kf1 Kf3 80. Nh4+ Kxg3 81. Nxf5+ Kh2 82. Kf2 Nc3 83. Ke1 1/2-1/2

[Event "Hastings Premier 1975/76 51st"]
[Site "Hastings"]
[Date "1976.01.15"]
[Round "15"]
[White "Taimanov, Mark"]
[Black "Uhlmann, Wolfgang"]
[Result "1/2-1/2"]
[WhiteElo "2580"]
[BlackElo "2535"]
[PlyCount "63"]
[EventDate "1975.12.29"]
[EventType "tourn"]
[EventRounds "15"]
[EventCountry "ENG"]
[EventCategory "10"]
[SourceTitle "BritBase"]
[SourceQuality "2"]

1. d4 Nf6 2. c4 g6 3. Nc3 d5 4. cxd5 Nxd5 5. g3 Bg7 6. Bg2 Nxc3 7. bxc3 c5 8.
e3 O-O 9. Ne2 Nd7 10. O-O Rb8 11. a4 b6 12. a5 Bb7 13. axb6 axb6 14. e4 Ra8 15.
Be3 Rxa1 16. Qxa1 Qa8 17. f3 Qa6 18. Qxa6 Bxa6 19. Kf2 e6 20. Ra1 Ra8 21. Bf1
Bb7 22. Rxa8+ Bxa8 23. Nc1 Bc6 24. Nd3 Bf8 25. Be2 Bd6 26. Bd1 Kf8 27. Bb3 Ke8
28. d5 exd5 29. exd5 Bb7 30. c4 Ba6 31. Nb2 Kd8 32. h3 1/2-1/2